| 000 | 00653nam a2200193Ia 4500 | ||
|---|---|---|---|
| 008 | 140321s9999 xx 000 0 und d | ||
| 020 | _a9789719553076 | ||
| 050 |
_aPE 1112 _b.R621 2013 |
||
| 100 | _aJavier-Rivero, Rowena | ||
| 245 | 2 |
_aA handbook in English 1 basic english / _cRowena Javier-Rivero. |
|
| 260 |
_aManila : _bPurely Books Trading and Pub. Corp., _cc2013. |
||
| 300 |
_a178 p. : _c23 cm. |
||
| 500 | _aIncludes bibliographical references. | ||
| 521 | _aMC | ||
| 650 |
_aEnglish language _xGrammar --Handbooks, manuals, etc. |
||
| 650 |
_aEnglish language _xRhetoric --Handbooks, manuals, etc. |
||
| 942 |
_kLOC _cBK |
||
| 999 |
_c48404 _d48404 |
||